| 000 | 00551nam a2200181 i 4500 | ||
|---|---|---|---|
| 001 | 65777 | ||
| 003 | ES-MaACL | ||
| 005 | 20251019063044.0 | ||
| 007 | t| | ||
| 008 | 040121s1972 sp ||||1| spa d | ||
| 100 | 1 |
_aFuentes, Carlos, _d1928-2012 _9242378 |
|
| 245 | 1 | 0 |
_aCuerpos y ofrendas _b: antología / _cCarlos Fuentes ; prólogo de Octavio Paz. |
| 260 |
_aMadrid : _bAlianza, _c[1972] |
||
| 300 |
_a270 p. ; _c18 cm. |
||
| 700 | 1 |
_aPaz, Octavio, _d1914-1998 _989753 |
|
| 852 |
_aES-MaACL _jC-52208 _bR.84000 |
||
| 999 |
_c65777 _d65777 |
||